|
|
|
|
| LEADER |
00000nmm a2200000 a 4500 |
| 008 |
180919b2012 ag ||||| |||| 00| | spa d |
| 999 |
|
|
|c 2431
|d 2431
|
| 090 |
|
|
|a CD # 242
|
| 100 |
1 |
|
|a Almirón, Daniela Patricia
|9 4269
|
| 245 |
1 |
0 |
|a Mediación en lo público: acceso a justicia, gestión judicial, práctica de la mediación /
|c Daniela Patricia Almirón
|
| 260 |
|
|
|a Argentina :
|b Ediciones del Cedro,
|c 2012
|
| 300 |
|
|
|a 1 disco compacto
|
| 650 |
1 |
4 |
|a SOLUCIÓN DE CONFLICTOS
|9 692
|
| 650 |
1 |
4 |
|a PODER JUDICIAL
|9 4270
|
| 650 |
1 |
4 |
|a JUSTICIA SOCIAL
|9 493
|
| 651 |
1 |
4 |
|a ARGENTINA
|9 63
|
| 942 |
|
|
|i 001755
|h CD # 242
|2 z
|c 08
|